Aspectos jurídicos de la reforma laboral (Registro nro. 22653)

Detalles MARC
000 -LEADER
fixed length control field 00375 a2200109 4500
001 - CONTROL NUMBER
control field ART_4785
005 - DATE AND TIME OF LATEST TRANSACTION
control field 20260410161824.0
008 - FIXED-LENGTH DATA ELEMENTS--GENERAL INFORMATION
fixed length control field 260409a
100 1# - MAIN ENTRY--PERSONAL NAME
Personal name Rodríguez Mancini, Jorge
245 10 - TITLE STATEMENT
Title Aspectos jurídicos de la reforma laboral
773 0# - HOST ITEM ENTRY
Title Revista de trabajo
Related parts Adaptabilidad y negociación colectiva - Año 1, Nº 4 (sep./oct. 1994)
Record control number REV4713

No hay ítems disponibles.